<?xml version="1.0" encoding="UTF-8"?><?xml-stylesheet type="text/xsl" href="static/style.xsl"?><OAI-PMH xmlns="http://www.openarchives.org/OAI/2.0/" xmlns:xsi="http://www.w3.org/2001/XMLSchema-instance" xsi:schemaLocation="http://www.openarchives.org/OAI/2.0/ http://www.openarchives.org/OAI/2.0/OAI-PMH.xsd"><responseDate>2026-04-17T12:51:31Z</responseDate><request verb="GetRecord" identifier="oai:www.recercat.cat:10230/22922" metadataPrefix="marc">https://recercat.cat/oai/request</request><GetRecord><record><header><identifier>oai:recercat.cat:10230/22922</identifier><datestamp>2025-12-13T20:52:03Z</datestamp><setSpec>com_2072_6</setSpec><setSpec>col_2072_452954</setSpec></header><metadata><record xmlns="http://www.loc.gov/MARC21/slim" xmlns:dcterms="http://purl.org/dc/terms/" xmlns:xsi="http://www.w3.org/2001/XMLSchema-instance" xmlns:doc="http://www.lyncode.com/xoai" xsi:schemaLocation="http://www.loc.gov/MARC21/slim http://www.loc.gov/standards/marcxml/schema/MARC21slim.xsd">
   <leader>00925njm 22002777a 4500</leader>
   <datafield ind2=" " ind1=" " tag="042">
      <subfield code="a">dc</subfield>
   </datafield>
   <datafield ind2=" " ind1=" " tag="720">
      <subfield code="a">Almendros Díaz, Sergio</subfield>
      <subfield code="e">author</subfield>
   </datafield>
   <datafield ind2=" " ind1=" " tag="260">
      <subfield code="c">2014-12-10T11:25:08Z</subfield>
   </datafield>
   <datafield ind2=" " ind1=" " tag="260">
      <subfield code="c">2014-12-10T11:25:08Z</subfield>
   </datafield>
   <datafield ind2=" " ind1=" " tag="260">
      <subfield code="c">2014-12-10</subfield>
   </datafield>
   <datafield ind2=" " ind1=" " tag="520">
      <subfield code="a">Treball de fi de grau en informàtica</subfield>
   </datafield>
   <datafield ind2=" " ind1=" " tag="520">
      <subfield code="a">Tutors: Jaume Barceló; Davide Scaini</subfield>
   </datafield>
   <datafield ind2=" " ind1=" " tag="520">
      <subfield code="a">Aquest projecte t´e com a objectiu desplegar un banc de proves de sensors que/npot ser continuat i suportat amb el suport d’una comunitat. Els sensors recullen/ndades medioambientals i est´an connectats a una xarxa de la comunitat. Li d´ona/na la comunitat un camir per millorar la seva consci`encia ambiental, donant-los la/ninformaci´o necess`aria per con`eixer l’estat del seu entorn i actuar en conseq¨u`encia./nD’aquesta manera tothom pot actuar en conseq¨u`encia si els sensors detecten/nsituacions perilloses, per exemple, no anar a un parc en el qual el sensor de gas/ndetecta mala qualitat de l’aire. Les dades del sensors s’emmagatzema en un data/nbroker desenvolupat per la universitat, el que fa que les dades estiguin disponibles/nper a aplicacions de tercers./nUna aplicaci´o m`obil que es connecta al data broker ha estat programada./nAquesta aplicaci´o ofereix una visualitzaci´o de les dades de sensors intu¨ıtiva i/nsignificativa, adaptant la presentaci´o de les dades per a persones que no tenen/nconeixements cient´ıfics espec´ıfics.</subfield>
   </datafield>
   <datafield ind2=" " ind1=" " tag="520">
      <subfield code="a">This project aims at creating a sensor testbed that can be continued and supported/nby a community. The sensors gather environmental data and are connected to a/ncommunity network. It gives the community a trace to improve their environmental/nconscience, giving them the necessary information to know the state of their/nsurroundings and act accordingly. This way anybody can act consequently if the/nsensors detect harmful situations, for example, not going to a park where the gas/nsensor detects bad air quality./nThe sensor data is uploaded to a data broker developed by the University,/nwhich makes the data available to third-party applications. A mobile application/nthat connects to the data broker has been programmed. This application offers an/nintuitive and meaningful visualization of sensor’s data, tailoring its presentation/nto people without specific scientific knowledge.</subfield>
   </datafield>
   <datafield tag="653" ind2=" " ind1=" ">
      <subfield code="a">Controladors programables</subfield>
   </datafield>
   <datafield tag="653" ind2=" " ind1=" ">
      <subfield code="a">Detectors--Disseny i construcció</subfield>
   </datafield>
   <datafield tag="653" ind2=" " ind1=" ">
      <subfield code="a">Xarxes de sensors</subfield>
   </datafield>
   <datafield tag="653" ind2=" " ind1=" ">
      <subfield code="a">Informàtica mòbil</subfield>
   </datafield>
   <datafield tag="653" ind2=" " ind1=" ">
      <subfield code="a">Programari d&amp;apos;aplicació -- Desenvolupament</subfield>
   </datafield>
   <datafield ind2="0" ind1="0" tag="245">
      <subfield code="a">A Bottom Up Sensor Testbed</subfield>
   </datafield>
</record></metadata></record></GetRecord></OAI-PMH>